Lakes : (Record no. 11871)

MARC details
000 -LEADER
fixed length control field 01217cam a22003494a 4500
001 - CONTROL NUMBER
control field 15526657
003 - CONTROL NUMBER IDENTIFIER
control field OSt
005 - DATE AND TIME OF LATEST TRANSACTION
control field 20211012115028.0
008 - FIXED-LENGTH DATA ELEMENTS--GENERAL INFORMATION
fixed length control field 081022s2008 ii a bs 001 0 eng
010 ## - LIBRARY OF CONGRESS CONTROL NUMBER
LC control number 2008324255
020 ## - INTERNATIONAL STANDARD BOOK NUMBER
International Standard Book Number 8189304542
025 ## - OVERSEAS ACQUISITION NUMBER
Overseas acquisition number I-E-2008-324255; 54-13
035 ## - SYSTEM CONTROL NUMBER
System control number (IN-NdUBS)UBS08003046
037 ## - SOURCE OF ACQUISITION
Source of stock number/acquisition Library of Congress -- New Delhi Overseas Office
Terms of availability Rs1995.00
040 ## - CATALOGING SOURCE
Original cataloging agency DLC
Transcribing agency HU
042 ## - AUTHENTICATION CODE
Authentication code lcode
043 ## - GEOGRAPHIC AREA CODE
Geographic area code a-ii---
050 00 - LIBRARY OF CONGRESS CALL NUMBER
Classification number GB857.3.I4
Item number D38 2008
082 ## - DEWEY DECIMAL CLASSIFICATION NUMBER
Classification number 333.91620971232
100 1# - MAIN ENTRY--PERSONAL NAME
Personal name Das, B. K.
Fuller form of name (Brijraj Krishna)
9 (RLIN) 12787
245 10 - TITLE STATEMENT
Title Lakes :
Remainder of title water and sediment geochemistry /
Statement of responsibility, etc. Brijraj Krishna Das.
260 ## - PUBLICATION, DISTRIBUTION, ETC.
Place of publication, distribution, etc. New Delhi :
Name of publisher, distributor, etc. Satish Serial Pub. House,
Date of publication, distribution, etc. 2008.
300 ## - PHYSICAL DESCRIPTION
Extent ix, 215 p. :
Other physical details ill. (some col.) ;
Dimensions 25 cm.
500 ## - GENERAL NOTE
General note Includes statistical tables.
504 ## - BIBLIOGRAPHY, ETC. NOTE
Bibliography, etc. note Includes bibliographical references (p. 197-211) and index.
650 #0 - SUBJECT ADDED ENTRY--TOPICAL TERM
Topical term or geographic name entry element Water chemistry
Geographic subdivision India.
9 (RLIN) 12788
650 #0 - SUBJECT ADDED ENTRY--TOPICAL TERM
Topical term or geographic name entry element Lake sediments
Geographic subdivision India
General subdivision Analysis.
9 (RLIN) 12789
650 #0 - SUBJECT ADDED ENTRY--TOPICAL TERM
Topical term or geographic name entry element Lakes
Geographic subdivision India.
9 (RLIN) 12790
906 ## - LOCAL DATA ELEMENT F, LDF (RLIN)
a 7
b cbc
c origode
d 3
e ncip
f 20
g y-gencatlg
942 ## - ADDED ENTRY ELEMENTS (KOHA)
Source of classification or shelving scheme Dewey Decimal Classification
Koha item type Books like text book referance book
Suppress in OPAC No
Holdings
Withdrawn status Lost status Source of classification or shelving scheme Damaged status Not for loan Collection code Home library Current library Shelving location Date acquired Total Checkouts Full call number Barcode Date last seen Copy number Price effective from Koha item type
    Dewey Decimal Classification     Reference Wondo Genet Library Wondo Genet Library General Stacks 10/12/2021   333.91620971232DAS 2008 WGCFNRL00004372 10/12/2021 1 10/12/2021 Books like text book referance book
    Dewey Decimal Classification     Reference Wondo Genet Library Wondo Genet Library General Stacks 10/12/2021   333.91620971232DAS 2008 WGCFNRL00004377 10/12/2021 2 10/12/2021 Books like text book referance book